000 04939cam a22005534a 4500
001 muse91575
003 MdBmJHUP
005 20210127151750.0
006 m o d
007 cr||||||||nn|n
008 191217s2020 cau o 00 0 eng d
010 _z 2019057807
020 _a9781606066539
020 _z9781606066522
020 _z9781606066546
035 _a(OCoLC)1133661706
040 _aMdBmJHUP
_cMdBmJHUP
043 _af-ua---
050 0 4 _aND1327.E3
082 0 _a759.02/16
_223
245 1 0 _aMummy Portraits of Roman Egypt
_bEmerging Research from the APPEAR Project /
_cedited by Marie Svoboda and Caroline R. Cartwright.
250 _aFirst edition.
264 1 _bJ. Paul Getty Museum,
264 3 _bProject MUSE,
300 _a1 online resource (1 online resource)
500 _aProceedings of a conference held at the J. Paul Getty Museum at the Getty Villa, Malibu, on May 17 and 18, 2018.
504 _aIncludes bibliographical references.
505 0 _aChallenges in the Characterization and Categorization of Binding Media in Mummy Portraits / Ken Sutherland, Rachel C. Sabino, and Federica Pozzi -- Understanding Wood Choices for Ancient Panel Painting and Mummy Portraits in the APPEAR Project through Scanning Electron Microscopy / Caroline R. Cartwright -- The Matter of Madder in the Ancient World / Richard Newman and Glenn Gates -- Green Pigments: Exploring Changes in the Egyptian Color Palette through the Technical Study of Roman-Period Mummy Shrouds / Caroline Roberts -- Egyptian Blue in Context / Gabrielle Thiboutot -- Multispectral Imaging Techniques Applied to the Study of Greco-Roman Funerary Portraits from Egypt at The British Museum / Joanne Dyer and Nicola Newman -- Evaluating Multiband Reflectance Image Subtraction for the Characterization of Indigo in Romano-Egyptian Funerary Portraits / Lauren Bradley, Jessica Ford, Dawn Kriss, Victoria Schussler, Federica Pozzi, Elena Basso, and Lisa Bruno -- Invisible Brushstrokes Revealed: Technical Imaging and Research of Romano-Egyptian Mummy Portraits / Evelyn (Eve) Mayberger, Jessica Arista, Marie Svoboda, and Molly Gleeson -- Framing the Heron Panel: Iconographic and Technical Comparanda / Georgina E. Borromeo, Ingrid A. Neuman, with Scott Collins, Catherine Cooper, Derek Merck, and David Murray -- A Study of the Relative Locations of Facial Features within Mummy Portraits / Jevon Thistlewood, Olivia Dill, Marc Walton, and Andrew Shortland -- From All Sides: The APPEAR Project and Mummy Portrait Provenance / Judith Barr -- Painted Mummy Portraits in the Museum of Fine Arts, Budapest / Kata Endreffy and Árpád M. Nagy -- Scrutinizing "Sarapon": Investigating a Mummy Portrait of a Young Man in the Michael C. Carlos Museum, Emory University (Inv. 2004.48.1) / Renee Stein and Lorelei H. Corcoran -- Defining a Romano-Egyptian Painting Workshop at Tebtunis / Jane Williams, Caroline R. Cartwright, and Mark Walton -- The APPEAR Project Collaboration and Benefits: Nondestructive Studies of Ancient Pigments on Greco-Roman Funerary Portraits of the Kunsthistorisches Museum, Vienna / Bettina Vak, Roberta Iannaccone, and Katharina Uhlir -- Painted Roman Wood Shields from Dura-Europos / Anne Gunnison, Irma Passeri, Erin Mysak, and Lisa Brody -- Characterization of Binding Media in Egyptian Funerary Portraits / Joy Mazurek -- Binding Media and Coatings: Mummy Portraits in the National Museum of Denmark and Ny Carlsberg Glyptotek / Lin Rosa Spaabaek and Joy Mazurek.
506 0 _aOpen Access
_fUnrestricted online access
_2star
520 _a"This publication gathers papers and posters from a 2018 conference organized as part of the APPEAR (Ancient Panel Paintings: Examination, Analysis, and Research) initiative, an international collaboration that promotes the study of funerary portraits from Roman Egypt"--
_cProvided by publisher.
588 _aDescription based on print version record.
650 0 _aPortraits, Egyptian
_vCongresses.
650 0 _aPortraits, Roman
_zEgypt
_vCongresses.
650 0 _aMummy portraits
_zEgypt
_vCongresses.
650 0 _aMummy portraits
_xExpertising
_vCongresses.
651 0 _aEgypt
_xAntiquities, Roman
_vCongresses.
655 7 _aElectronic books.
_2local
700 1 _aCartwright, Caroline,
_eeditor.
700 1 _aSvoboda, Marie,
_eeditor.
710 2 _aJ. Paul Getty Museum,
_ehost institution,
_eissuing body.
776 1 8 _iPrint version:
_tMummy portraits of Roman Egypt
_bFirst edition.
_dLos Angeles : J. Paul Getty Museum, 2020.
_z9781606066546
_w(DLC) 2019057806
710 2 _aProject Muse.
_edistributor
830 0 _aBook collections on Project MUSE.
856 4 0 _zFull text available:
_uhttps://muse.jhu.edu/book/77113/
999 _c26949
_d26949